Responses for Show #3175 - Friday, May 22, 1998

Contestants

[<< previous game]

Denise Williamson, a property manager originally from Rowland's Castle, Hampshire, England

Steve Wright, a construction worker from Marietta, Georgia

Louis Cohen, a language teacher from Waterford, Connecticut (whose 2-day cash winnings total $32,202)

[next game >>]

Jeopardy! Round responses

A LITTLE BIT COUNTRY
CATEGORY IN TRAINING
"C" CREATURES
THE CHAIN GANG
HOT SPOTS OF THE '80s
DRUNK ON WORDS
    $100 11
George Burns

Steve
    $100 12
bicycle

Louis
    $100 14
camel

Louis
    $100 19
Six Flags

Louis
    $100 2
Falkland Islands (or Malvinas)

Louis
    $100 1
a kite

Steve
    $200 27
Canada

Louis
    $200 13
[The image shown could be a 747.]

a flight simulator

Triple Stumper
    $200 15
centipede

Denise
    $200 23
Blockbuster

Steve
    $200 3
Tiananmen Square

Louis
    $200 7
lit up

Denise
    $300 28
Olivia Newton-John

Steve
    $300 20
basic training

Louis
    $300 16
chameleon

Louis
    $300 24
Banana Republic

Louis
    $300 4
Mediterranean Sea

Louis
    $300 8
groggy

Louis
    $400 29
Robert Mitchum

Louis
    $400 21
squire

Steve
    $500 17
chinchilla

Louis
    $400 25
Jiffy Lube

Louis
    $400 5
Libya

Louis
    $400 9
plastered

Steve
    $500 30
Kenny Rogers

Steve
    $500 22
novitiate

Louis
    $500 18
cuckoo

Steve
    $500 26
London

Louis
    $500 6
(Steve: What is Rhodesia?)
...
(Alex: Got 'em all, Louis! Go again.)

Zimbabwe

LouisSteve
    $500 10
(Louis: What is buzzed?)

blitzed

LouisDenise

Scores at the first commercial break (after clue 15):

Louis Steve Denise
$1,500 $100 $900

Scores at the end of the Jeopardy! Round:

Louis Steve Denise
$5,000 $2,000 $900

Double Jeopardy! Round responses

A LITTLE BITTY COUNTRY
HISTORIC NAMES
GREEK LETTERS
ALL THE WORLD'S A STAGE
"WATER"
THE MOVIES
    $200 1
German

Steve
    $200 6
Mahatma Gandhi

Louis
    $200 17
pi

Louis
    $200 22
Moscow

Steve
    $200 11
a water moccasin

Steve
    $200 16
Miracle on 34th Street

Denise
    $400 2
(Louis: What is rubbing alcohol?)

gasoline

LouisDenise
    $400 7
(Steve: Who is Zhou Enlai?)

Deng Xiaoping

SteveDenise
    $400 18
delta ("Delta Dawn")

Louis
    $400 23
no

Steve
    $400 12
Water Lilies

Louis
    $400 19
Michelle Pfeiffer

Steve
    $1,000 3
the Bulge

Denise
    $2,000 8
William Gladstone

Denise
    $600 28
Omega

Steve
    $600 24
Eugene O' Neill

Steve
    $600 13
still waters

Louis
    $600 20
[With Peter O'Toole]

Lawrence of Arabia

Louis
    $800 4
duchy

Louis
    $800 9
Saladin

Louis
    $800 29
Tau

Steve
    $800 25
Jean-Paul Sartre

Denise
    $800 14
a bridge over troubled water

Louis
    $800 21
The Last Temptation of Christ

Louis
    $1000 5
Benelux

Louis
    $1000 10
Ramses II (the Great)

Louis
    $1000 30
beta testing

Triple Stumper
    $1000 26
Dublin

Steve
    $1000 15
Waterford

Steve
    $1000 27
All of Me

Steve

Scores at the end of the Double Jeopardy! Round:

Louis Steve Denise
$12,200 $8,000 $5,700

[wagering suggestions for these scores]

Final Jeopardy! Round responses

SONGWRITERS
DeniseWho is Irving Berlin?
$5,700
SteveWho is Eubie Blake
$7,999
LouisWho was Irving Berlin?
$3,801
Irving Berlin

Final scores:

Louis Steve Denise
$16,001 $1 $11,400
3-day champion: $48,203 3rd place: Ducane 2004SS Gas Grill 2nd place: Trip to Hotel Melia Don Pepe, Costa Del Sol, Spain

Game dynamics:

Coryat scores:

Louis Steve Denise
$12,100 $8,000 $3,900
30 R
(including 1 DD),
2 W
19 R,
2 W
9 R
(including 2 DDs),
0 W

Combined Coryat: $24,000

[game clues] [game scores] [suggest correction]

Game tape date: Unknown
The J! Archive is created by fans, for fans. Scraping, republication, monetization, and malicious use prohibited; this site may use cookies and collect identifying information. See terms. The Jeopardy! game show and all elements thereof, including but not limited to copyright and trademark thereto, are the property of Jeopardy Productions, Inc. and are protected under law. This website is not affiliated with, sponsored by, or operated by Jeopardy Productions, Inc. Join the discussion at JBoard.tv.